LEADER 01939nam2 22004453i 450 001 UBO0124655 005 20231121125851.0 100 $a20040427d1964 ||||0itac50 ba 101 | $aita 102 $ait 181 1$6z01$ai $bxxxe 182 1$6z01$an 200 0 $a2$fTs'ao Hsueh-Ch'in$gtraduzione dal cinese, introduzione e note a cura di Edoarda Masi 210 $aTorino$cUTET$dstampa 1964 215 $a714 p., [2] c. di tav. ripieg.$d18 cm. 225 | $a˜I œgrandi scrittori stranieri$v268 314 $aa cura$9CFIV054473 410 0$1001RAV0145913$12001 $a˜I œgrandi scrittori stranieri$v268 461 1$1001UBO0124638$12001 $a˜Il œsogno della camera rossa$fTs'ao Hsueh-Ch'in$gtraduzione dal cinese, introduzione e note a cura di Edoarda Masi$v2 700 0$aTs?ao Chan$3SBLV168206$4070$0450938 702 1$aMasi$b, Edoarda$3CFIV054473 790 1$aTs'ao$b, Hsüeh-ch'in$3CFIV162894$zTs?ao Chan 790 0$aTs'ao Chan$3CFIV162899$zTs?ao Chan 790 1$aCao$b, Xueqin$3CFIV162900$zTs?ao Chan 790 0$aCao Xueqin$3CFIV162901$zTs?ao Chan 790 1$aXueqin$b, Cao$3CFIV162903$zTs?ao Chan 790 1$aCao$b, Zhan$3CFIV162904$zTs?ao Chan 790 0$aCao Zhan$3CFIV162905$zTs?ao Chan 790 1$aZhan$b, Cao$3CFIV162907$zTs?ao Chan 790 0$aTs'ao Hsüeh-ch'in$3SBLV168207$zTs?ao Chan 801 3$aIT$bIT-01$c20040427 850 $aIT-RM028 $aIT-FR0084 $aIT-FR0017 899 $aBiblioteca Universitaria Alessandrina$bRM028 899 $aBiblioteca Del Monumento Nazionale Di Montecassino$bFR0084 899 $aBiblioteca umanistica Giorgio Aprea$bFR0017 912 $aUBO0124655 950 2$aBiblioteca umanistica Giorgio Aprea$d 52MAG 5 COLL M 268$e 52MAG0000061215 VMB RS $fA $h20130215$i20130215 977 $a 01$a 25$a 52 996 $a2$93639627 997 $aUNICAS LEADER 00979nam0-2200301 --450 001 9911042128703321 005 20260120113908.0 010 $a979-12-235-0238-9 100 $a20251127d2025----kmuy0itay5050 ba 101 0 $aita 102 $aIT 105 $a 001yy 200 1 $aHegel, Fenomenologia dello spirito$eun racconto sulla formazione e lo svolgimento della coscienza europea$fBiagio de Giovanni 210 $aNapoli$cEditoriale scientifica$d2025 215 $a224 p.$d21 cm 225 1 $aImpronte culturali$v13 610 0 $aHegel, Georg Wilhelm Friedrich . Phänomenologie des Geistes 676 $a110$v23$zita 700 1$aDe Giovanni,$bBiagio$f<1931- >$0122017 801 0$aIT$bUNINA$gREICAT$2UNIMARC 901 $aBK 912 $a9911042128703321 952 $a192.13 HEGF/S 323$b2025/3753$fFLFBC 952 $aXI F 624$b2025/2182$fFGBC 959 $aFGBC 959 $aFLFBC 996 $aHegel, Fenomenologia dello spirito$94458885 997 $aUNINA